Bramkarze Manchesteru United w XXI wieku - Statystyki

Ogólne statystyki
  • Ten quiz został rozwiązany 789 razy
    124 od ostatniego zresetowania
  • Średni wynik to 7 z 19
Statystyki odpowiedzi
Lata gry Narodowość Nazwisko % Poprawnych
2023- Kamerun André Onana
94%
2011-2023 Hiszpania David de Gea
93%
2005-2011 Holandia Edwin van der Sar
92%
2006-2012 Polska Tomasz Kuszczak
87%
2015-2020 Argentyna Sergio Romero
63%
2023- Turcja Altay Bayındır
55%
2003-2006 Stany Zjednoczone Tim Howard
51%
2000-2003 Francja Fabien Barthez
50%
2015 Hiszpania Victor Valdés
41%
2016-2023 Anglia Dean Henderson
34%
2011-2015 Dania Anders Lindegaard
24%
2008-2010 Anglia Ben Foster
17%
2001-2005 Irlandia Północna Roy Carroll
13%
2008-2014 Anglia Ben Amos
10%
2016-2018 Portugalia Joel Pereira
9%
1996-2002 Holandia Raymond van der Gouw
6%
2002-2005 Hiszpania Ricardo
3%
2001 Anglia Paul Rachubka
1%
2001 Anglia Andy Goram
0%
Nie znaleziono quizów pasujących do podanych kryteriów
Rozkład punktacji
Procent ludzi z każdym wynikiem
Percentyl według liczby udzielonych odpowiedzi
Twoja historia wyników
Nie rozwiązałeś tego quizu od ostatniego zresetowania